|
|
|
|
| LEADER |
00823cam a2200253 a 4500 |
| 001 |
0000077665 |
| 005 |
20050916090000.0 |
| 040 |
|
|
|a mod
|
| 041 |
|
|
|a eng
|
| 020 |
0 |
0 |
|a 0781744547
|
| 090 |
0 |
0 |
|a 610.7343
|b AND
|e 2004
|
| 100 |
1 |
0 |
|a Anderson
|h Elizabeth T
|
| 245 |
1 |
0 |
|a Community as partner
|b theory and practice in nursing
|c Elizabeth T. Anderson, Judith McFarlane
|
| 250 |
0 |
0 |
|a 4th ed.
|
| 260 |
0 |
0 |
|a Philadelphia
|b Lippincott Williams & Wilkins
|c 2004
|
| 300 |
0 |
0 |
|a xx, 460 p.
|b ill.
|c 23 cm
|
| 500 |
0 |
0 |
|a Includes bibliographical references and index
|
| 650 |
0 |
0 |
|a Health promotion
|
| 650 |
0 |
0 |
|a Community health nursing
|
| 650 |
0 |
0 |
|a Nurse's Role
|
| 650 |
0 |
0 |
|a Nursing theory
|
| 650 |
0 |
0 |
|a Community health nursing
|x Case studies
|
| 700 |
1 |
1 |
|a McFarlane
|h Judith
|
| 999 |
|
|
|a 0232924
|b INSAN
|d BOOKS
|e Umum
|f INSAN
|j AVAILABLE
|q GOOD CONDITION
|